000 00727cam a22002417a 4500
003 CHAP
005 20220329140513.0
008 971013s r 00010 d
010 _a52970
011 _a53942
035 _a58092
040 _cCHAP
090 _aR-1872
100 0 0 _aWarren, W. G.
_9121115
245 1 4 _aThe density of spatial patterns robust estimation through distance methods
500 _aSobretiro de: Spatial and Temporal Analysis in Ecology. 8:247-270, 1979
590 _aBATCH-UPD
_b10
_c20130110
_lUCH01
_h0552
590 _aCONVERSION
_b10
_c20130109
_lUCH01
_h1329
650 1 4 _aDensidad de siembra.
_931812
901 _aBK
942 _cREIMP
949 _aR-1872
_bBC
_cR
_d-126178
_eTS1
_i58092
_si
999 _c52970
_d52970